Краткая информация о мероприятиях по Ведомству народного просвещения для бюллетеня бюро журналистов

Доступно только в Электронных читальных залах Найти на картеНа карте
RUSMARC
00003585nmc2a22002413x 450
001f80e3c64-7b1c-4bba-88a7-67662c2be55a
00520230830102634.0
100##$a20221222l19171917k l0rusy0189 ca
1010#$arus
102##$aRU
105##$ay###
1222#$ad
2001#$aКраткая информация о мероприятиях по Ведомству народного просвещения для бюллетеня бюро журналистов
$j24 марта - 20 октября 1917 г.
215##$a285 л.
$d36,5х26 см
251##$cДело
300##$aДело
371##$aДокумент не является опубликованным и широко распространяемым
461#0$1001a74412a3-3cc5-4d21-8f0a-dfe2fbd9e72d
$12001
$aДепартамент народного просвещения Министерства народного просвещения (1803-1917)
$1251
$cФонд
$1852
$j733
462#0$1001eee5cd01-9790-469a-9945-6bffddbc7761
$12001
$aРазряд общих дел
$1251
$cОпись
$1852
$j228
801#0$aRU
$bРГИА
$c20221222
$gRCR
801#1$aRU
$bГлавНИВЦ
$c20221222
$2rusmarc
801#2$aRU
$bПБ им. Б.Н. Ельцина
$c20230830
$gRCR
$2rusmarc
850##$aРГИА
852##$aРГИА
$eФедеральное казенное учреждение "Российский государственный исторический архив" (РГИА)
$j107
937##$hРГИА
$d12396336
$aASBIBLIO_SCAN
035##$aRusGRCC00058945
856##$uhttp://readingroom.main.prlib.ru/item.aspx?id_node=n187241829&mode=full
Формат отображения